| 000 | 00547nam a2200169 4500 | ||
|---|---|---|---|
| 001 | VA44229 | ||
| 003 | ES-SlBCS | ||
| 005 | 20210601155916.0 | ||
| 008 | 140520s1920 xxu||||| |||| 00| 0 spa d | ||
| 041 | _aspa | ||
| 100 | 1 |
_aBravo Rodríguez, Eusebio L. _9385189 |
|
| 245 | 1 | 0 |
_aGuía documentada de Santiago de Compostela _b:o sea, historia y descripción de la ciudad y de sus monumentos _cEusebio L. Bravo Rodríguez |
| 260 |
_aVigo : _bBarrientos _c, 1920 |
||
| 300 |
_a136 p.; _c20 cm |
||
| 651 | 4 |
_aSantiago de Compostela _986283 |
|
| 942 | _cBK | ||
| 999 |
_c823333 _d823333 |
||